| 000 | 00693nam a2200217 a 4500 | ||
|---|---|---|---|
| 001 | 000011077 | ||
| 005 | 20240412074222.0 | ||
| 008 | 091014s2003 dr r 000 p spa d | ||
| 020 | _a9993461814 | ||
| 040 |
_aDO-SdBNP _bspa _cBNPHU |
||
| 082 |
_aRD861.44 _bR555s |
||
| 100 | 1 |
_aRieke, Karina, _d1971- _910486 |
|
| 245 | 1 | 0 |
_aSemejanza de lo eterno / _cKarina Rieke. |
| 260 |
_aSanto Domingo : _bBúho, _c2003. |
||
| 300 |
_a53 p. ; _c23 cm. |
||
| 500 | _aIncluye datos biográficos de la autora en la solapa de la cubierta | ||
| 590 | _aInventariado, 2018/BT | ||
| 650 | 0 |
_aPoesía dominicana _966 |
|
| 650 | 0 |
_aLiteratura dominicana. _967 |
|
| 910 | _aValidado. Control de calidad. MMOLINA | ||
| 999 |
_c10802 _d10802 |
||